Sports Quiz

Random Sports or NHL Quiz

NHL Teams Quiz Stats

 Plays Quiz not verified by Sporcle

Challenge
Share
Tweet
Embed
Score 0/34 Timer 10:00
0 Plays Today
Division Answer % Correct
New York Rangers
95.5%
Colorado Avalanche
95.5%
New York Islanders
90.9%
Pittsburgh Penguins
90.9%
Philadelphia Flyers
90.9%
Boston Bruins
90.9%
Toronto Maple Leafs
90.9%
Montreal Canadiens
90.9%
Ottawa Senators
90.9%
Los Angeles Kings
90.9%
Vancouver Canucks
90.9%
Calgary Flames
90.9%
Edmonton Oilers
90.9%
Dallas Stars
90.9%
Washington Capitals
86.4%
Carolina Hurricanes
86.4%
Tampa Bay Lightning
86.4%
Division Answer % Correct
Detroit Red Wings
86.4%
Anaheim Ducks
86.4%
San Jose Sharks
86.4%
Chicago Blackhawks
86.4%
Minnesota Wild
86.4%
Winnipeg Jets
86.4%
Columbus Blue Jackets
81.8%
Florida Panthers
81.8%
Phoenix Coyotes
81.8%
St. Louis Blues
81.8%
Nashville Predators
81.8%
New Jersey Devils
77.3%
Buffalo Sabres
72.7%
Atlantic Division
4.5%
Pacific Division
4.5%
Central Division
4.5%
Metropolitan Division
4.5%

You're not logged in!

Compare scores with friends on all Sporcle quizzes.
Join for Free
OR
Log In

You Might Also Like...

Show Comments

Extras

Created Nov 21, 2013ReportNominate
Tags:NHL Quiz, team

Top Quizzes Today


Score Distribution

Your Account Isn't Verified!

In order to create a playlist on Sporcle, you need to verify the email address you used during registration. Go to your Sporcle Settings to finish the process.

Report this User

Report this user for behavior that violates our Community Guidelines.

Details: